The sculptures of Michealgelo
Salvato in:
| Natura: | Libro |
|---|---|
| Lingua: | inglese |
| Pubblicazione: |
Nueva York
Phaidon-Oxford University
1960
|
| Soggetti: | |
| Tags: |
Aggiungi Tag
Nessun Tag, puoi essere il primo ad aggiungerne!!
|
MARC
| LEADER | 00000nam a2200000 a 4500 | ||
|---|---|---|---|
| 001 | UCV9816 | ||
| 003 | CL-VaPUC | ||
| 008 | 930528e19600000US |||||||||||||||||eng|d | ||
| 082 | 0 | 4 | |a 730.092 |b SCU |2 21 |
| 245 | 1 | 4 | |a The sculptures of Michealgelo |
| 300 | |a 33 p | ||
| 942 | |c BK | ||
| 945 | |d 19930528 00:00:00 | ||
| 260 | |a Nueva York |b Phaidon-Oxford University |c 1960 | ||
| 600 | 0 | |a Miguel Angel |q (Buonarroti, Michelangelo) |d 1475-1564 |9 880971 | |
| 650 | 0 | |a Escultura |9 265737 | |
| 583 | |a last modification |c 19930528 00:00:00 |k Rodrigo Vera | ||
| 999 | |c 215102 |d 215100 | ||
| 952 | |0 0 |1 0 |4 0 |6 730_092000000000000_SCU_1960 |7 0 |8 F |9 199079 |a BIBARQ |b BIBARQ |d 2019-11-14 |i 2664011 |o 730.092 SCU 1960 |p 2664011 |r 2025-01-20 |w 2019-11-14 |y BK_F |k ARQ | ||